000
00331nam a2200133Ia 4500
005
20251222144913.0
008
251222s9999||||xx |||||||||||||| ||spa||
020
_a
968-16-0536-5
082
_a
940.21/M86
100
_a
Moro, Tomás
245
0
_a
Utopías del Renacimiento
264
_b
Fondo de Cultura Económica
942
_c
LIB
999
_c
22433
_d
22433